000 00497nam a2200169Ia 4500
008 090124s9999 xx 000 0 und d
082 _b4290
100 _aपेंडसे ग. सी.
245 _a काम-पुरुषार्थ
250 _a0
300 _a324
600 _aपेंडसे ग. सी.
630 _a काम-पुरुषार्थ
700 _aपेंडसे ग. सी.
730 _a काम-पुरुषार्थ
942 _cBOOK
999 _c83818
_d83818